000
00315nam a22001337a 4500
020
_a
978-1587160080
041
_a
ENG
100
_a
Ramaswamy.H
245
_a
Food Processing Principles and Applications
260
_a
New York
_b
Taylor& Francis
_c
2006
300
_a
420
650
_a
APE
856
_u
APE ( 03 )
999
_c
1667
_d
1667